000 00666na a2200205 4500
001 18735
003 MIRAKIL
005 20181213155044.0
008 161125b tu 000 0
040 _aMilas
_btur
_cTR-AnCHP
041 _atur
082 _a352.0001
_bÇ25 [2015]
090 _a352.0001 Ç25 [2015]
245 _aÇankaya Belediyesi
_bYeni toplumcu belediye 2009-2014
_cBasın Yayın ve Hakla İlişkiler Müdürlüğü
246 _aYeni toplumcu belediye 2009-2014
260 _aAnkara
_bBasın Yayın ve Hakla İlişkiler Müdürlüğü
_c[2015]
300 _a125 s.
_bfotg.
_c24 sm.
610 _aÇankaya Belediyesi
_zTürkiye
942 _2ddc
_cBKS
999 _c5697
_d5697